Dopravní politika Evropských společenství.

Spracované zo zahraničných prameňov. Integrácia ako dôležitý faktor. Špecifické vlastnosti dopravy oproti iným odvetviam. Štatistické údaje o dĺžke a hustote železničnej siete v niektorých západných štátoch. Integrujúce procesy a ich praktické výsledky.

Saved in:
Bibliographic Details
Main Author: Klouček, J.
Other Authors: Černý, J.
Format: Book Chapter
Language:Czech
Subjects:
Tags: Add Tag
No Tags, Be the first to tag this record!

MARC

LEADER 00000naa a2200000 4500
001 r006780
005 20221125075545.1
041 0 |a cze 
044 |a [CS] 
245 1 0 |a Dopravní politika Evropských společenství.  |c J. Klouček, J. Černý 
520 |a Spracované zo zahraničných prameňov. Integrácia ako dôležitý faktor. Špecifické vlastnosti dopravy oproti iným odvetviam. Štatistické údaje o dĺžke a hustote železničnej siete v niektorých západných štátoch. Integrujúce procesy a ich praktické výsledky. 
610 2 0 |a doprava 
610 2 0 |a politika dopravná 
610 2 0 |a Európske spoločenstvá 
610 2 0 |a integrácia 
610 2 0 |a údaje štatistické 
100 1 |a Klouček, J. 
700 1 |a Černý, J.